Scots make their homes more "saleable" (Record no. 83271)

MARC details
000 -LEADER
fixed length control field 00986cad a22002055a 4500
001 - CONTROL NUMBER
control field E153381
008 - FIXED-LENGTH DATA ELEMENTS--GENERAL INFORMATION
fixed length control field 110719e20110706xxk 000 0 eng d
035 ## - SYSTEM CONTROL NUMBER
System control number (Sirsi) u153381
041 0# - LANGUAGE CODE
Language code of text/sound track or separate title eng
110 2# - MAIN ENTRY--CORPORATE NAME
Corporate name or jurisdiction name as entry element Royal Institution of Chartered Surveyors
Subordinate unit Scotland
9 (RLIN) 3082
245 00 - TITLE STATEMENT
Title Scots make their homes more "saleable"
Medium [electronic resource]
260 ## - PUBLICATION, DISTRIBUTION, ETC.
Date of publication, distribution, etc. 2011
490 ## - SERIES STATEMENT
Series statement RICS Scotland News Release
Volume/sequential designation 6 July 2011
520 ## - SUMMARY, ETC.
Summary, etc. Research carried out by RICS Scotland suggests that a quarter of sellers make improvements to their home before commissioning a home report as part of the sales process. Improvements undertaken include finishing DIY projects and clearing guttering.
590 ## - LOCAL NOTE (RLIN)
Local note KA
651 #4 - SUBJECT ADDED ENTRY--GEOGRAPHIC NAME
Geographic name Scotland
Chronological subdivision 1999-
690 ## - LOCAL SUBJECT ADDED ENTRY--TOPICAL TERM (OCLC, RLIN)
Topical term or geographic name as entry element PROPERTY-RESIDENTIAL PROPERTY-ACQUISITION AND DISPOSAL OF RESIDENTIAL PROPERTY
856 40 - ELECTRONIC LOCATION AND ACCESS
Uniform Resource Identifier <a href="https://www.rics.org/site/scripts/press_article.aspx?pressreleaseID=554&categoryID=487">https://www.rics.org/site/scripts/press_article.aspx?pressreleaseID=554&categoryID=487</a>
Public note View the item free of charge at www.rics.org
942 ## - ADDED ENTRY ELEMENTS (KOHA)
Suppress in OPAC 0
Holdings
Withdrawn status Lost status Source of classification or shelving scheme Damaged status Not for loan Home library Current library Shelving location Date acquired Total Checkouts Full call number Barcode Date last seen Copy number Price effective from Koha item type
    Dewey Decimal Classification     Virtual Virtual Online 19/07/2011   ONLINE PUBLICATION 153381-2001 06/08/2019 1 06/08/2019 Book